| 000 | 00700nam a2200241 a 4500 | ||
|---|---|---|---|
| 001 | BRCA_7528 | ||
| 005 | 20190320205856.0 | ||
| 008 | 160513s1952----enka######---#000-0#eng-# | ||
| 041 | _aeng | ||
| 044 | _aenk | ||
| 050 | 4 |
_aND621 _b.B47 1952 |
|
| 100 | 1 |
_aBerenson, Bernard _d1865-1959 _918570 |
|
| 245 | 1 | 0 |
_aThe Italian painters of the Renaissance _cby Bernard Berenson. |
| 260 |
_aLondres _bPhaidon _cc1952 |
||
| 300 |
_axiii, 488 p. _bil. a color, 417 láminas _c27 cm. |
||
| 500 | _aIncluye índice de ilustraciones | ||
| 500 | _aR85 | ||
| 650 | 1 | 4 |
_aPintores italianos _97654 |
| 650 | 1 | 4 |
_aArte renacentista _97760 |
| 650 | 1 | 4 |
_aPintura renacentista _97759 |
| 902 | _aGFM | ||
| 942 |
_2lcc _cB |
||
| 999 |
_c7202 _d7202 |
||